[Event "WYCC U14 Open 2019"]
[Site "Mumbai"]
[Date "2019.10.05"]
[Round "5.1"]
[White "Suleymanli, Aydin"]
[Black "Srihari, L R"]
[Result "1-0"]
[WhiteElo "2426"]
[BlackElo "2283"]
[Annotator "TA"]
[PlyCount "67"]
[EventDate "2019.10.02"]
[EventType "swiss"]
[EventCountry "IND"]
[SourceTitle "playchess.com"]
[Source "ChessBase"]
[SourceQuality "1"]

{[%evp 9,66,23,47,17,22,9,62,66,57,54,86,56,69,67,69,62,106,96,178,152,188,181,243,242,268,218,277,257,247,252,257,250,227,228,218,231,329,304,471,480,645,633,726,722,775,549,751,770,762,756,732,714,1256,1241,29997,1651,29998,29999,29999]} 1. Nf3 d6 2. d4 g6 3. c4 Bg7 4. Nc3 Bg4 5. Bg5 Nd7 (5... h6 6. Be3 Nf6 7. g3 O-O 8. Bg2 Nc6 9. d5 Na5 10. b3 c5 11. dxc6 bxc6 12. Rc1 c5 13. Nd5 {1-0 (41) Tomashevsky,E (2654)-Novikov,S (2562) Krasnoyarsk 2007}) 6. Qd2 {A41: 1 d4 d6: Tartakower System and Modern Defence} c5 $146 ({Predecessor:} 6... f6 7. Be3 e5 8. g3 Ne7 9. Bg2 Nf5 10. O-O Nxe3 11. Qxe3 Bxf3 12. Bxf3 c6 13. Ne4 {1-0 (47) Schmidt,D (2053)-Fischer,R (2163) Germany 2003}) 7. d5 Nb6 (7... h6 $11 8. Bf4 Qa5) 8. e4 $14 {White is slightly better.} Nf6 9. Be2 O-O 10. Qf4 {[#] aiming for Bxf6.} Bxf3 11. Qxf3 Nfd7 12. Qg3 Ne5 13. b3 f5 (13... Ned7 $16 {is a better defense.}) 14. exf5 gxf5 15. O-O Kh8 (15... Ng6 $142) 16. Rae1 $18 Nbd7 17. Bd1 $40 {[%mdl 128] White has strong attack.} Bf6 18. f4 Ng6 19. Bc2 Qa5 20. Bxf6+ Rxf6 21. Nd1 Raf8 22. Ne3 Qd2 (22... Qxa2 $142 23. Ra1 Qb2 24. Rxa7 e5 25. dxe6 (25. Rxb7 $2 exf4 26. Qh3 fxe3 $19) 25... Rxe6) 23. Rd1 Qe2 (23... Qc3 $142 24. Bxf5 Rxf5) 24. Qh3 Rg8 25. Rf2 Nxf4 26. Rxf4 Rh6 27. Qf3 Rxg2+ 28. Nxg2 Qxc2 29. Rf1 Ne5 30. Qf2 Qc3 31. Rxf5 {White threatens Rf8+ and mate.} Qh3 32. Rf8+ Kg7 {[#]} 33. Rg8+ $1 {[%mdl 576] Back Rank, Clearance} Kxg8 34. Qf8# {Accuracy: White = 77%, Black = 26%.} 1-0

[Event "WYCC U14 Open 2019"]
[Site "Mumbai"]
[Date "2019.10.05"]
[Round "5.2"]
[White "Pranav, Anand"]
[Black "Poltorak, Sebastian"]
[Result "1-0"]
[WhiteElo "2351"]
[BlackElo "2130"]
[Annotator "TA"]
[PlyCount "65"]
[EventDate "2019.10.02"]
[EventType "swiss"]
[EventCountry "IND"]
[SourceTitle "playchess.com"]
[Source "ChessBase"]
[SourceQuality "1"]

{[%evp 10,65,29,25,25,23,27,26,31,27,12,26,27,25,29,21,29,8,19,26,22,0,30,17,16,0,0,0,16,3,0,7,0,10,135,135,118,103,109,0,162,142,138,120,289,0,250,235,364,133,608,595,611,613,860,843,844,808]} 1. d4 Nf6 2. c4 e6 3. Nf3 Bb4+ 4. Bd2 Qe7 5. g3 Bxd2+ 6. Qxd2 Nc6 {E11: Bogo-Indian} 7. b3 d5 8. Bg2 dxc4 {White has an edge.} 9. bxc4 O-O 10. O-O e5 11. d5 Nb8 12. Nc3 (12. Qe3 Nbd7 13. Nc3 Ng4 14. Qg5 Qxg5 15. Nxg5 {1-0 (43) Wojtaszek,R (2739)-Tomczak,J (2628) Katowice 2019}) 12... Na6 13. e4 {[#]} Bg4 $146 ({Predecessor:} 13... Nc5 14. Qe3 {½-½ (29) Alonso Rosell,A (2559)-Gozzoli,Y (2630) Barcelona 2019}) 14. Ne1 Nc5 15. Nc2 Bh5 16. Rae1 Ne8 17. f4 Nd6 18. Ne3 {aiming for g4.} exf4 19. gxf4 {Hoping for e5.} Ncxe4 20. Nxe4 Nxe4 21. Qd4 Nd6 (21... Nf6 $1 $11 {remains equal.}) 22. c5 $16 {[%mdl 1024] White has strong compensation.} Ne8 23. Nf5 Qf6 24. Re5 ({Better is} 24. Ne7+ $16 Kh8 25. Qb4) 24... g6 $2 (24... Bg6 $11 {and Black is okay.} 25. Ne7+ Kh8) 25. Ne7+ $18 Kh8 26. f5 $1 $36 {[%cal Rf5g6][%mdl 2048] Black is under strong pressure.} g5 $2 {[#]} (26... Qg7 $16 {keeps fighting.}) 27. Rfe1 $2 (27. h4 $1 $18 {[%mdl 512]}) 27... Rd8 $2 {[#]} (27... b6 $1 $11) 28. Qb4 $1 Qa6 (28... b6 $142 29. Nc6 {[%mdl 64] Double Attack} bxc5 30. Qxc5 {[%mdl 64] Double Attack} Nd6 31. Nxd8 Rxd8 32. Qxa7 (32. Qxc7 Ra8 $18) 32... Kg7) 29. Bf1 $2 (29. R5e3 $18) 29... Qxa2 $2 {[%mdl 8192]} (29... Qh6 $16) 30. Qc3 {R5e2+ is the strong threat.White is clearly winning.} f6 31. R5e4 Rd7 32. Bc4 ({Not} 32. Ra1 Rxe7 33. Rxa2 Rxe4 $18) 32... Qa4 33. Ra1 {Accuracy: White = 59%, Black = 36%.} 1-0

[Event "WYCC U14 Open 2019"]
[Site "Mumbai"]
[Date "2019.10.05"]
[Round "5.2"]
[White "Pranav Anand"]
[Black "Poltorak, Sebastian"]
[Result "*"]
[WhiteElo "2351"]
[BlackElo "2130"]
[Annotator "RC"]
[PlyCount "24"]
[EventDate "2019.10.02"]
[EventType "swiss"]
[EventCountry "IND"]
[SourceTitle "playchess.com"]
[Source "ChessBase"]
[SourceQuality "1"]
[TimeControl "40/5400+30:1800+30"]

1. d4 {[%emt 0:00:00]} Nf6 {[%emt 0:00:00]} 2. c4 {[%emt 0:00:00]} e6 {[%emt 0:00:00]} 3. Nf3 {[%emt 0:00:00]} Bb4+ {[%emt 0:00:00]} 4. Bd2 {[%emt 0:00:00]} Qe7 {[%emt 0:00:03]} 5. g3 {[%emt 0:00:00]} Bxd2+ {[%emt 0:00:09]} 6. Qxd2 {[%emt 0:00:00]} Nc6 {[%emt 0:00:18]} 7. b3 {[%emt 0:00:04]} d5 {[%emt 0:00:57]} 8. Bg2 {[%emt 0:02:57]} dxc4 {[%emt 0:07:57]} 9. bxc4 {[%emt 0:02:39]} O-O {[%emt 0:00:32]} 10. O-O {[%emt 0:00:26]} e5 {[%emt 0:04:52]} 11. d5 {[%emt 0:11:21]} Nb8 {[%emt 0:00:36]} 12. Nc3 {[%emt 0:06:55]} Na6 {[%emt 0:11:00]} *

[Event "WYCC U14 Open 2019"]
[Site "Mumbai"]
[Date "2019.10.05"]
[Round "5.3"]
[White "Manish, Kumar"]
[Black "Samant Aditya S"]
[Result "*"]
[WhiteElo "2132"]
[BlackElo "2334"]
[Annotator "RC"]
[PlyCount "27"]
[EventDate "2019.10.02"]
[EventType "swiss"]
[EventCountry "IND"]
[SourceTitle "playchess.com"]
[Source "ChessBase"]
[SourceQuality "1"]
[TimeControl "40/5400+30:1800+30"]

1. e4 {[%emt 0:00:00]} c5 {[%emt 0:00:00]} 2. Nc3 {[%emt 0:00:00]} Nc6 {[%emt 0:00:00]} 3. f4 {[%emt 0:00:00]} g6 {[%emt 0:00:00]} 4. Nf3 {[%emt 0:00:00]} Bg7 {[%emt 0:00:00]} 5. Bc4 {[%emt 0:00:00]} e6 {[%emt 0:00:30]} 6. f5 {[%emt 0:00:00]} Nge7 {[%emt 0:03:45]} 7. fxe6 {[%emt 0:00:04]} dxe6 {[%emt 0:02:12]} 8. d3 {[%emt 0:00:06]} O-O {[%emt 0:00:41]} 9. O-O {[%emt 0:00:04]} Na5 {[%emt 0:05:55]} 10. Bb3 {[%emt 0:00:09]} Nxb3 {[%emt 0:05:17]} 11. axb3 {[%emt 0:00:01]} e5 {[%emt 0:01:46]} 12. Be3 {[%emt 0:03:32]} b6 {[%emt 0:01:48]} 13. Qe1 {[%emt 0:03:24]} Nc6 {[%emt 0:08:28]} 14. Qg3 {[%emt 0:04:55]} *

[Event "WYCC U14 Open 2019"]
[Site "Mumbai"]
[Date "2019.10.05"]
[Round "5.3"]
[White "Manish, Kumar (2006)"]
[Black "Samant, Aditya S"]
[Result "0-1"]
[WhiteElo "2108"]
[BlackElo "2334"]
[Annotator "TA"]
[PlyCount "124"]
[EventDate "2019.10.02"]
[EventType "swiss"]
[EventCountry "IND"]
[SourceTitle "playchess.com"]
[Source "ChessBase"]
[SourceQuality "1"]

{[%evp 20,124,-18,-40,-8,-16,-8,-29,-28,-35,-31,-27,0,0,16,16,16,14,10,-70,-99,-231,-226,-262,-262,-265,-255,-264,-253,-246,-253,-244,-245,-244,-250,-245,-232,-230,-153,-200,-195,-194,-194,-201,-201,-201,-201,-200,-195,-420,-256,-256,-260,-252,-257,-258,-256,-248,-193,-247,-168,-266,-266,-257,-240,-365,-350,-258,-244,-508,-508,-508,-478,-1802,-1796,-1738,-1709,-1830,-773,-1599,-1428,-1229,-1285,-4137,-4129,-29971,-29977,-29986,-1423,-1054,0,-29986,-1828,-29983,-4149,-4149,-4145,-29984,-29985,-29985,-29986,-29986,-29987,-29987,-29988,-29990,-29991]} 1. e4 c5 2. Nc3 Nc6 3. f4 g6 4. Nf3 Bg7 5. Bc4 e6 6. f5 Nge7 7. fxe6 dxe6 8. d3 O-O 9. O-O Na5 10. Bb3 Nxb3 11. axb3 e5 {B23: Closed Sicilian: Lines without g3} 12. Be3 (12. Qe1 f6 13. Qh4 Be6 14. Bh6 Nc6 15. Bxg7 Kxg7 16. Rf2 Qd7 17. Nd2 Rf7 18. Nc4 Raf8 19. Raf1 {0-1 (56) Gasanov,E (2471)-Selin,O (2432) Alushta 2002}) 12... b6 13. Qe1 $146 ({Predecessor:} 13. Qd2 f6 14. Bh6 Be6 15. Bxg7 Kxg7 16. Kh1 Nc6 17. Nd1 Nd4 18. Ne3 Qd7 19. b4 Nxf3 20. Rxf3 {½-½ (62) Plenca,J (2337)-Tica,S (2174) Rijeka 2014}) 13... Nc6 {Black has an edge.} 14. Qg3 Kh8 15. Rf2 f5 {aiming for ...f4.} 16. Bg5 Qd7 17. Nd5 Rb8 $1 18. Qh4 fxe4 $1 19. Nf6 (19. dxe4 $11 Qg4 20. Raf1 Qxh4 21. Bxh4) 19... Rxf6 $1 $15 20. Bxf6 (20. Nxe5 $17 Nxe5 21. Bxf6) 20... exf3 $19 21. Bxg7+ Kxg7 22. Rxf3 {Hoping for Qf6+.} Qd4+ 23. Qxd4 cxd4 24. b4 Nxb4 25. Rxa7+ Rb7 26. Rxb7+ Bxb7 27. Rf2 Nd5 28. g3 Nf6 29. Re2 e4 30. dxe4 Nxe4 31. Re1 Kf6 32. Rf1+ Ke6 33. Rf8 Nd6 34. Rb8 $2 (34. Kf2 {is the only way for White.}) 34... b5 35. Kf2 Be4 36. c3 d3 37. b3 h5 38. Ke3 Kd5 39. Rd8 (39. Rf8 {was called for.}) 39... Kc5 40. Rd7 (40. h3 {might work better.}) 40... Bf5 41. Rd8 Nf7 42. Re8 (42. Rd4 $142) 42... Kd6 43. Rb8 Ne5 {Threatens to win with ...Ng4+.} 44. Rxb5 $2 (44. h3) 44... Ng4+ {[%mdl 64] Double Attack} 45. Kd2 Nxh2 46. c4 (46. Ke1 $142 Nf1 47. Kxf1) 46... Nf1+ 47. Kc3 Nxg3 48. b4 Be4 (48... h4 $142 49. c5+ Kc7) 49. Rb6+ Kc7 50. Rf6 h4 51. b5 h3 52. Rf2 Bf5 53. Rh2 {[#]} Nf1 (53... d2 $142 $1 54. Kb4 (54. Kxd2 Nf1+) 54... d1=Q 55. b6+ Kxb6 56. Rb2 Qe1+ 57. Ka4+ Kc5 58. Rb5+ Kxc4 59. Rc5+ Kxc5 60. Kb3 Qb4+ 61. Ka2 h2 62. Ka1 Qb1#) 54. Rh1 Ng3 (54... Ne3 $19 55. c5 Nc2) 55. Rh2 $1 {[#]} g5 (55... d2 $142 $1 56. Kb4 (56. Kxd2 Nf1+) 56... d1=Q 57. Ka3 Qa1+ 58. Kb4 Ne4 59. b6+ Kc6 60. Rc2 Qb1+ {[%mdl 64] Double Attack} 61. Ka3 Nc5 62. Rb2 Qa1+ 63. Kb4 Qxb2+ 64. Ka5 Qxb6#) 56. c5 {[#]} g4 (56... d2 $142 $1 57. b6+ (57. Kxd2 Nf1+) 57... Kc6 58. Rh1 Nxh1 59. Kxd2 Ng3 60. Kc3 h2 61. b7 Kxb7 62. Kc4 h1=Q 63. Kd4 Qc1 64. Kd5 Ne4 65. c6+ Qxc6+ 66. Kd4 Qc3+ 67. Kd5 Qc5#) 57. b6+ Kb7 58. Ra2 Ne2+ {Black mates.} 59. Kb4 h2 60. Ra1 Be4 61. Ra7+ Kb8 62. c6 Bxc6 {Accuracy: White = 42%, Black = 66%.} 0-1

[Event "WYCC U14 Open 2019"]
[Site "Mumbai"]
[Date "2019.10.05"]
[Round "5.4"]
[White "Abinandhan, R."]
[Black "Kolay, Alex"]
[Result "1/2-1/2"]
[WhiteElo "1830"]
[BlackElo "2164"]
[Annotator "TA"]
[PlyCount "66"]
[EventDate "2019.10.02"]
[EventType "swiss"]
[EventCountry "IND"]
[SourceTitle "playchess.com"]
[Source "ChessBase"]
[SourceQuality "1"]

{[%evp 15,66,-8,-14,-21,-4,-4,-4,-4,-4,-4,-4,-20,-20,-20,-4,-4,-4,-37,-34,-47,-38,-47,20,17,48,51,20,0,0,0,-1,-34,-43,-41,-66,-181,-180,-204,-159,-166,-71,-73,-67,-124,0,-47,0,-124,-54,-67,0,-97,0]} 1. e4 e6 2. d4 d5 3. Nc3 Bb4 4. e5 c5 5. a3 Bxc3+ 6. bxc3 Ne7 7. h4 Qc7 8. Nf3 b6 9. Bb5+ {C19: French: 3 Nc3 Bb4: Main line: 7 Nf3 and 7 a4} Bd7 10. Bd3 Ba4 11. h5 {The position is equal.} h6 (11... cxd4 12. cxd4 Qc3+ 13. Bd2 Qxd3 14. cxd3 Bxd1 15. Kxd1 h6 16. Ke2 Nbc6 {0-1 (89) Caruana,F (2817)-So,W (2822) chess.com INT 2017}) 12. O-O Nbc6 (12... c4 $5 13. Be2 $8 Nbc6 $11) 13. Be3 c4 14. Be2 O-O-O 15. Qd2 $146 ({Predecessor:} 15. Bf4 Qd7 16. Re1 Qe8 17. Nh2 Qg8 18. Nf1 Qh7 {0-1 (49) Krasnopeyeva,J (1920)-Nedostup,D (2219) Bayerisch Eisenstein 2012}) 15... Rdg8 16. Nh4 g5 17. Nf3 Nf5 18. Nh2 f6 ({Of course not} 18... Nxe3 $6 19. fxe3 Rg7 20. Bf3 $14) (18... Nb8 $15) 19. exf6 $11 Qf7 20. g4 Nd6 21. f4 {[%cal Rf4g5]} Ne4 $36 {[%mdl 2048] Black fights for an advantage.} 22. Qe1 $1 Bxc2 23. fxg5 Nxg5 24. Bxg5 Rxg5 25. Kh1 ({Better is} 25. Qg3 $15) 25... e5 $19 26. Qd2 Bh7 27. Rae1 Rhg8 (27... Rf8 $19 {has better winning chances.} 28. Bf3 Bd3) 28. Bf3 $17 Bd3 29. Be2 ({White should try} 29. Rf2 $15) 29... Bh7 (29... e4 $17 30. Qf4 Nd8) 30. Bd1 Bd3 (30... b5 $15) 31. Be2 Be4+ ({Black should play} 31... e4 $17 32. Rf2 Nd8) 32. Bf3 $15 Bd3 33. Be2 $1 Be4+ {Accuracy: White = 54%, Black = 45%.} (33... e4 $17) 1/2-1/2

[Event "WYCC U14 Open 2019"]
[Site "Mumbai"]
[Date "2019.10.05"]
[Round "5.4"]
[White "Abinandhan R"]
[Black "Kolay, Alex"]
[Result "*"]
[WhiteElo "1830"]
[BlackElo "2164"]
[Annotator "RC"]
[PlyCount "33"]
[EventDate "2019.10.02"]
[EventType "swiss"]
[EventCountry "IND"]
[SourceTitle "playchess.com"]
[Source "ChessBase"]
[SourceQuality "1"]
[TimeControl "40/5400+30:1800+30"]

1. e4 {[%emt 0:00:00]} e6 {[%emt 0:00:00]} 2. d4 {[%emt 0:00:00]} d5 {[%emt 0:00:00]} 3. Nc3 {[%emt 0:00:00]} Bb4 {[%emt 0:00:00]} 4. e5 {[%emt 0:00:00]} c5 {[%emt 0:00:00]} 5. a3 {[%emt 0:00:00]} Bxc3+ {[%emt 0:00:00]} 6. bxc3 {[%emt 0:00:00]} Ne7 {[%emt 0:00:04]} 7. h4 {[%emt 0:00:00]} Qc7 {[%emt 0:00:30]} 8. Nf3 {[%emt 0:00:07]} b6 {[%emt 0:00:36]} 9. Bb5+ {[%emt 0:00:09]} Bd7 {[%emt 0:00:07]} 10. Bd3 {[%emt 0:00:02]} Ba4 {[%emt 0:00:15]} 11. h5 {[%emt 0:01:22]} h6 {[%emt 0:00:14]} 12. O-O {[%emt 0:02:05]} Nbc6 {[%emt 0:01:57]} 13. Be3 {[%emt 0:02:02]} c4 {[%emt 0:00:33]} 14. Be2 {[%emt 0:00:14]} O-O-O {[%emt 0:01:38]} 15. Qd2 {[%emt 0:08:04]} Rdg8 {[%emt 0:05:01]} 16. Nh4 {[%emt 0:03:48]} g5 {[%emt 0:03:23]} 17. Nf3 {[%emt 0:12:26]} *

[Event "WYCC U14 Open 2019"]
[Site "Mumbai"]
[Date "2019.10.05"]
[Round "5.5"]
[White "Sreeshwan, Maralakshikari"]
[Black "Pham, Khoi"]
[Result "1-0"]
[WhiteElo "2449"]
[BlackElo "2121"]
[Annotator "TA"]
[PlyCount "35"]
[EventDate "2019.10.02"]
[EventType "swiss"]
[EventCountry "IND"]
[SourceTitle "playchess.com"]
[Source "ChessBase"]
[SourceQuality "1"]

{[%evp 13,35,38,49,43,45,16,58,31,116,112,127,123,247,190,183,174,212,213,212,212,412,407,395,385]} 1. d4 Nf6 2. c4 g6 3. Nc3 Bg7 4. Nf3 O-O 5. e4 d6 6. h3 e5 7. d5 Nh5 8. g3 {E90: King's Indian: Classical: Early deviations and 6 h3} Na6 9. Nh2 Qe8 10. Be2 $1 {White is slightly better.} f5 ({Black should try} 10... Nf6 $14) 11. exf5 $1 $16 Nf6 12. fxg6 Bxh3 $146 (12... Qxg6 $16 {was called for.} 13. Nf3 Nd7) ({Predecessor:} 12... Qxg6 13. Nf3 Nc5 14. Be3 Nfe4 15. Nxe4 Qxe4 16. Rh2 Qg6 {1-0 (30) Krasenkow,M (2661)-Xie,J (2542) Shanghai 2000}) 13. Ng4 $36 {[%mdl 2048] White is in control.} Bxg4 14. Bxg4 {Strongly threatening Be6+.} Qxg6 15. Be6+ Kh8 {[#]} 16. g4 $1 {Black must now prevent Bf5.} Ne4 $2 {[#]} (16... Ne8 17. Qe2 Nc5) 17. Qc2 $1 $18 {[%cal Rc2e4]} Nac5 18. Be3 {Accuracy: White = 85%, Black = 24%.} 1-0

[Event "WYCC U14 Open 2019"]
[Site "Mumbai"]
[Date "2019.10.05"]
[Round "5.5"]
[White "Sreeshwan Maralakshikari"]
[Black "Pham, Khoi"]
[Result "*"]
[WhiteElo "2449"]
[BlackElo "2121"]
[Annotator "TA"]
[PlyCount "32"]
[EventDate "2019.10.02"]
[EventType "swiss"]
[EventCountry "IND"]
[SourceTitle "playchess.com"]
[Source "ChessBase"]
[SourceQuality "1"]

{[%evp 13,23,38,39,30,45,22,52,58,95,101,139,121]} 1. d4 Nf6 2. c4 g6 3. Nc3 Bg7 4. Nf3 O-O 5. e4 d6 6. h3 e5 7. d5 Nh5 8. g3 {E90: King's Indian: Classical: Early deviations and 6 h3} Na6 9. Nh2 Qe8 10. Be2 $1 f5 {[#]} 11. exf5 $1 Nf6 12. fxg6 {Predecessor:} Qxg6 $146 13. Nf3 Nc5 14. Be3 Nfe4 15. Nxe4 Qxe4 16. Rh2 Qg6 {1-0 (30) Krasenkow,M (2661)-Xie,J (2542) Shanghai 2000} *

[Event "WYCC U14 Open 2019"]
[Site "Mumbai"]
[Date "2019.10.05"]
[Round "5.6"]
[White "Bochnicka, Vladimir"]
[Black "Pranav Vijay"]
[Result "*"]
[WhiteElo "2087"]
[BlackElo "2265"]
[Annotator "RC"]
[PlyCount "21"]
[EventDate "2019.10.02"]
[EventType "swiss"]
[EventCountry "IND"]
[SourceTitle "playchess.com"]
[Source "ChessBase"]
[SourceQuality "1"]
[TimeControl "40/5400+30:1800+30"]

1. e4 {[%emt 0:00:00]} g6 {[%emt 0:00:00]} 2. d4 {[%emt 0:00:00]} Bg7 {[%emt 0:00:00]} 3. Bc4 {[%emt 0:01:11]} d6 {[%emt 0:00:07]} 4. Nf3 {[%emt 0:00:10]} c6 {[%emt 0:01:55]} 5. Bb3 {[%emt 0:00:08]} Nf6 {[%emt 0:01:09]} 6. Qe2 {[%emt 0:00:07]} e5 {[%emt 0:02:26]} 7. dxe5 {[%emt 0:09:59]} dxe5 {[%emt 0:00:07]} 8. O-O {[%emt 0:00:14]} Qe7 {[%emt 0:01:10]} 9. Rd1 {[%emt 0:04:27]} O-O {[%emt 0:00:39]} 10. Bg5 {[%emt 0:01:48]} h6 {[%emt 0:11:27]} 11. Bxf6 {[%emt 0:05:55]} *

[Event "WYCC U14 Open 2019"]
[Site "Mumbai"]
[Date "2019.10.05"]
[Round "5.6"]
[White "Bochnicka, Vladimir"]
[Black "Pranav, V."]
[Result "0-1"]
[WhiteElo "2053"]
[BlackElo "2308"]
[Annotator "TA"]
[PlyCount "94"]
[EventDate "2019.10.02"]
[EventType "swiss"]
[EventCountry "IND"]
[SourceTitle "playchess.com"]
[Source "ChessBase"]
[SourceQuality "1"]

{[%evp 13,94,22,17,24,35,29,23,5,25,0,10,6,15,10,16,-1,7,-15,-18,-16,-13,-13,-11,-24,-13,-9,-6,-32,19,19,25,19,28,20,14,18,23,22,26,0,0,0,0,0,0,-9,0,0,0,0,0,-36,-36,-42,-16,-42,-8,-22,0,0,0,0,0,0,0,0,0,-6331,-6450,-29964,-29965,-29969,-29968,-29967,-29971,-29969,-11927,-29972,-29973,-29979,-29979,-29970,-29970]} 1. e4 g6 2. d4 Bg7 3. Bc4 d6 4. Nf3 c6 5. Bb3 Nf6 6. Qe2 e5 7. dxe5 dxe5 8. O-O {B06: Modern Defence} (8. Nbd2 Nh5 9. Nc4 O-O 10. O-O Qc7 11. Rd1 Na6 12. Nd6 Bg4 13. h3 Bxf3 14. Qxf3 Rad8 15. Nxf7 Rxd1+ 16. Qxd1 Rxf7 {1-0 (62) Zvjaginsev,V (2679)-Lagno,K (2530) Caleta 2017}) 8... Qe7 9. Rd1 O-O 10. Bg5 {White has an edge.} (10. a4 {is more complex.} Na6 11. Bc4 Nc5 12. Nc3 Bg4 13. h3) 10... h6 $146 ({Predecessor:} 10... Nbd7 11. Nbd2 Nc5 12. Nc4 h6 13. Bxf6 Bxf6 14. Nd6 {½-½ (23) Kourkoulos Arditis,S (2343)-Stupak,K (2570) Kavala 2017}) 11. Bxf6 (11. Be3 {is interesting.} Na6 12. Nc3 Ng4 13. Bd2 Nf6 14. a4) 11... Qxf6 12. Nbd2 Re8 13. h3 Nd7 14. Nc4 Bf8 15. Nh2 {Threatening Ng4.} h5 16. Qf3 Kg7 17. Nd6 Bxd6 18. Rxd6 Qxf3 19. Nxf3 Nc5 20. Rad1 Nxb3 (20... a5 $15) 21. axb3 $11 f6 22. Ne1 Kf7 23. Nd3 g5 24. Nc5 h4 25. f3 b6 26. Nd3 (26. Na4 {feels hotter.} c5 27. Nc3 Be6 28. Rc6 Rad8 29. Nd5) 26... c5 27. Nc1 Be6 28. Ne2 Ke7 29. Nc3 Red8 30. Rxd8 Rxd8 31. Rxd8 Kxd8 {[%mdl 4096] Endgame KB-KN} 32. Nd5 f5 33. Kf2 Kd7 34. Ke3 Kd6 35. c4 Bxd5 36. exd5 {KP-KP} a5 37. Kf2 {[#]} b5 $1 {[%mdl 512] next ...a4 is good for Black.} 38. Ke3 (38. cxb5 Kxd5) 38... a4 39. bxa4 $1 bxc4 {White must now prevent ...c3.} 40. a5 $2 {[%mdl 8192]} (40. Kd2 $11) 40... Kxd5 $19 41. Kd2 Kc6 42. Kc3 Kb5 43. a6 Kxa6 44. Kxc4 {[#]} e4 $1 {[%cal Re4e3]} 45. fxe4 fxe4 {Black mates.} 46. b3 e3 47. Kd3 Kb5 {Accuracy: White = 52%, Black = 82%.} 0-1

[Event "WYCC U14 Open 2019"]
[Site "Mumbai"]
[Date "2019.10.05"]
[Round "5.7"]
[White "Morgunov, Marc"]
[Black "Madaminov, Mukhiddin"]
[Result "1/2-1/2"]
[WhiteElo "2280"]
[BlackElo "2045"]
[Annotator "TA"]
[PlyCount "79"]
[EventDate "2019.10.02"]
[EventType "swiss"]
[EventCountry "IND"]
[SourceTitle "playchess.com"]
[Source "ChessBase"]
[SourceQuality "1"]

{[%evp 9,79,-1,-2,0,-5,-9,-12,-25,-25,-24,-33,-92,-86,-80,-83,-86,-36,-50,-20,-36,-33,-45,-32,-25,-13,-9,-9,-36,-37,-39,-29,-41,-35,-22,-14,-10,0,0,0,-12,0,0,0,0,0,0,19,0,63,23,23,23,22,31,20,0,28,25,15,0,0,0,0,-68,0,0,0,0,0,0,0,0]} 1. e4 e5 2. Nf3 Nc6 3. Bb5 Nf6 4. Qe2 Bc5 5. Bxc6 bxc6 6. d3 {C65: Ruy Lopez: Berlin Defence (3...Nf6), unusual lines and 4 0-0 Bc5} (6. Nxe5 O-O 7. d3 d5 8. c3 Ba6 9. Be3 Nxe4 10. Nxc6 Qd6 11. Nd4 Bxd4 12. cxd4 Qb4+ 13. Nc3 Nxc3 {0-1 (40) Sek,K (2432)-Goganov,A (2601) Vladivostok 2015}) 6... d6 7. Be3 {Threatening Bxc5.} Bb6 8. Nbd2 $146 ({Predecessor:} 8. h3 O-O 9. Nbd2 Re8 10. Nc4 Ba6 11. Nfd2 d5 12. Nxb6 axb6 13. Bg5 Qd6 14. Bxf6 Qxf6 {½-½ (22) Brinck Claussen,B (2380)-Busch,K (2420) Copenhagen 1992}) 8... Ng4 9. Bxb6 axb6 10. d4 ({White should try} 10. a4 $15) 10... exd4 $17 11. Nxd4 Qf6 12. c3 c5 13. Nb5 Qe7 14. c4 O-O 15. O-O f5 16. h3 Nf6 {[%cal Rf5e4]} 17. Rfe1 Re8 {[%cal Rf5e4]} 18. Nc3 fxe4 19. Ndxe4 Nxe4 20. Qxe4 Qxe4 21. Nxe4 {[#] Strongly threatening Nf6+!} Bb7 22. Nc3 Bc6 23. b3 Kf7 24. f4 Rxe1+ 25. Rxe1 Re8 26. Rxe8 Kxe8 $11 {[%mdl 4096] Endgame KB-KN} 27. Kf2 Ke7 28. g4 Bb7 (28... Ke6 $1 $11) 29. Ke3 Ke6 30. Nb5 c6 31. Nc3 Ba6 32. f5+ Ke5 33. Na4 b5 34. Nb6 {[%cal Rb6d7] [#]} d5 $1 35. cxd5 cxd5 36. Nd7+ Kd6 37. f6 $1 {[%cal Rf6g7] The position is equal.} d4+ 38. Kd3 $1 gxf6 39. Nxf6 Ke5 40. Nd7+ $1 {Accuracy: White = 70%, Black = 70%.} 1/2-1/2